Joseph in Egypt : (Record no. 114782)
[ view plain ]
| 000 -LEADER | |
|---|---|
| fixed length control field | 00335nam a2200121 a 4500 |
| 005 - DATE AND TIME OF LATEST TRANSACTION | |
| control field | 20140414132112.0 |
| 008 - FIXED-LENGTH DATA ELEMENTS--GENERAL INFORMATION | |
| fixed length control field | 110520s19uu xx 00 eng d |
| 050 ## - LIBRARY OF CONGRESS CALL NUMBER | |
| Classification number | DVD |
| Item number | J77 |
| 245 ## - TITLE STATEMENT | |
| Title | Joseph in Egypt : |
| Remainder of title | Joseph's Reunion. |
| 260 ## - PUBLICATION, DISTRIBUTION, ETC. (IMPRINT) | |
| Name of publisher, distributor, etc | Nest Entertainment. |
| 440 ## - SERIES STATEMENT/ADDED ENTRY--TITLE | |
| Title | The Animated Stories from the Old Testament |
| Withdrawn status | Lost status | Damaged status | Use restrictions | Home library | Current library | Shelving location | Date acquired | Source of acquisition | Total Checkouts | Full call number | Barcode | Date last seen | Price effective from | Koha item type |
|---|---|---|---|---|---|---|---|---|---|---|---|---|---|---|
| Munich Library | Munich Library | Audio Visual Material Section | 05/20/2011 | DVD J77 | M6680 | 04/14/2014 | 04/14/2014 | Audio Visual Materials |